|
|
|
|
| LEADER |
01081cmm a2200373 i 4500 |
| 001 |
000049923 |
| 003 |
10098 |
| 005 |
20030211151242.0 |
| 008 |
010426|1999 vm 000 eng |
| 020 |
|
|
|a 0538888865
|
| 040 |
|
|
|a IRC
|c IRC
|d IRC
|
| 041 |
0 |
|
|a eng
|
| 082 |
1 |
4 |
|a 657.02855369
|b SM-G
|
| 100 |
1 |
|
|a Smith, Gaylord N.
|
| 245 |
0 |
0 |
|a Excel spreadsheet applications series for accounting principles
|h [Float Disk-Đĩa mềm] :
|b student disk /
|c Gaylord N. Smith.
|
| 260 |
|
|
|a Cincinnati, Ohio :
|b South-Western College,
|c 1999.
|
| 300 |
|
|
|a 1 computer disk ;
|c 3 1/2 in.
|
| 630 |
0 |
4 |
|a Accounting.
|
| 630 |
0 |
4 |
|a Microsoft Excel.
|
| 630 |
0 |
4 |
|a Data processing.
|
| 630 |
0 |
4 |
|a Electronic spreadsheets.
|
| 650 |
0 |
4 |
|a Microsoft Excel for Windows.
|
| 650 |
0 |
4 |
|a Accounting
|x Data processing.
|
| 650 |
0 |
4 |
|a Electronic spreadsheets.
|
| OWN |
|
|
|a DUT
|
| 999 |
|
|
|a From the UDN01
|
| TYP |
|
|
|a Computer file
|
| TYP |
|
|
|a Monograph
|
| 980 |
|
|
|a Mạng thư viện Đại học Đà Nẵng
|